000 00478nam a2200169Ia 4500
008 240729s9999 xx 000 0 und d
022 _a2212-277X
245 0 _aPerspectives on Medical Education
260 _aUnited Kingdom
260 _bUbiquity Press
650 _a Medicine (General)
650 _a Special aspects of education | Medicine
650 _aEducation
856 _uhttps://doaj.org/toc/ca10fe3407d6402a851cbd864842cd6f
942 _2ddc
942 _cDOAJEJ
999 _c69110
_d69110
945 _a1
_bMadushi Gamage
_c1
_dMadushi Gamage